[Event "Oslo op"]
[Site "Oslo"]
[Date "2018.10.04"]
[Round "7"]
[White "Nordquelle, Amelia"]
[Black "Rognes, Sven Erik"]
[Result "0-1"]
[WhiteElo "1575"]
[BlackElo "1893"]
[PlyCount "53"]
[EventDate "2018.09.30"]
[EventType "swiss"]
[EventRounds "10"]
[EventCountry "NOR"]
[SourceTitle "EXT 2020"]
[Source "ChessBase"]
[SourceDate "2019.10.17"]
[SourceVersion "1"]
[SourceVersionDate "2019.10.17"]
[SourceQuality "1"]

1. e4 e5 2. Nf3 Nc6 3. Bc4 Nf6 4. Nc3 Nxe4 5. Nxe4 d5 6. Bxd5 Qxd5 7. Nc3 Qd8 8. 0-0 Be7 9. Re1 f6 10. d3 Bg4 11. h3 Bh5 12. Be3 0-0 13. Ne4 f5 14. Nc5 Qc8 15. Nb3 f4 16. Bc5 Bd6 17. d4 Bxc5 18. Nxc5 Nxd4 19. Rxe5 Nxf3+ 20. gxf3 Qxh3 21. Qd5+ Bf7 22. Qxb7 Rab8 23. Qxc7 Rb6 24. Ne4 Rh6 25. Ng3 fxg3 26. fxg3 Qxg3+ 27. Kf1 0-1

[Event "NOR-ch Seniors-A"]
[Site "Oslo"]
[Date "2015.07.10"]
[Round "8"]
[White "Rostad, Rolf"]
[Black "Rognes, Sven Erik"]
[Result "1-0"]
[WhiteElo "1654"]
[BlackElo "1760"]
[PlyCount "73"]
[EventDate "2015.07.04"]
[EventType "swiss"]
[EventRounds "9"]
[EventCountry "NOR"]
[SourceTitle "EXT 2017"]
[Source "ChessBase"]
[SourceDate "2016.10.25"]
[SourceVersion "1"]
[SourceVersionDate "2016.10.25"]
[SourceQuality "1"]

1. e4 Nc6 2. d4 d5 3. e5 f6 4. f4 Nh6 5. c3 Bf5 6. Nf3 Qd7 7. Nbd2 e6 8. Be2 Be7 9. Nf1 0-0-0 10. Be3 Ng4 11. Bg1 fxe5 12. dxe5 h5 13. Qa4 Ncxe5 14. Qxa7 Nc6 15. Qa8+ Nb8 16. Ba7 Qd6 17. Qxb8+ Kd7 18. Bb5+ c6 19. Qxb7+ Ke8 20. Qxc6+ Kf7 21. Qxd6 Bxd6 22. h3 Nf6 23. Be3 Rb8 24. a4 Rhc8 25. N1d2 Ne8 26. Nd4 Bh7 27. N2f3 Kf6 28. 0-0 Nc7 29. Ne5 Nxb5 30. Nxb5 Bxe5 31. fxe5+ Ke7 32. Ba7 Ra8 33. Nd6 Rf8 34. Rxf8 Kxf8 35. Bc5 Bd3 36. b4 Kg8 37. a5 1-0